Statistics for Cities in Cuba

Click here to take the quiz!

General Stats

  • This quiz has been taken 10 times
  • The average score is 7 of 13

Answer Stats

PopulationCity% Correct
2,130,081Havana
100%
216,609Guantanamo
83%
433,099Santiago de Cuba
83%
294,002Holguin
67%
158,978Bayamo
50%
306,183Camaguey
50%
150,404Cienfuegos
50%
142,967Pinar del Rio
50%
216,056Santa Clara
50%
168,645Las Tunas
33%
119,394Ciego de Avila
17%
140,107Matanzas
17%
108,127Sancti Spiritus
17%

Score Distribution

Percentile by Number Answered

Percent of People with Each Score

Your Score History

You have not taken this quiz